Football par lettre - Z - Statistiques

Statistiques générales
  • Ce quiz a été pris 118 fois
  • Le résultat moyen est 12 sur 20
Statistiques - réponses
Hint Réponse % Correct
Champion d'Afrique à la surprise générale en 2012 Zambie
96%
Patrie de Tino Kadewere et Marshall Munetsi Zimbabwe
96%
Sa carrière s'est achevé sur un coup de tête Zinedine Zidane
95%
Club basé à Saint Petersbourg Zenit
83%
International marocain passé par Chelsea, Galatasaray et l'Ajax Hakim Ziyech
80%
International argentin qui a joué 858 matchs avec l'Inter Javier Zanetti
78%
Attaquant ivoirien passé par Crystal Palace, Galatasaray et Lyon Wilfried Zaha
78%
Ce joueur italien a pour homonyme un rappeur et un écrivain célèbres Gianfranco Zola
76%
Ville où on retrouve le club des Grasshoppers Zurich
74%
Milieu camerounais passé par Marseille, Naples et Fulham André-Franck Zambo Anguissa
59%
Champion d'Afrique en 1974 Zaïre
59%
Milieu polonais passé par Naples et l'Inter Piotr Zielinski
58%
Milieu suisse passé par Chelsea et Monaco Denis Zakaria
56%
Son penalty face à l'Allemagne a été moqué lors de l'euro 2016 Simone Zaza
45%
On l'appelait le Pelé blanc Zico
44%
L'entraineur doit rester dans cet espace Zone technique
35%
Agent israelo-polonais très influent Pini Zahavi
26%
Club egyptien 5 fois vainqueur de la LDC africaine Zamalek
21%
Dernier membre à avoir rejoint la Confédération africaine Zanzibar
19%
Club ukrainien situé en pleine zone de conflit Zorya Luhansk
3%
Aucun quiz correspondant
Distribution des résultats
% des personnes avec chaque résultat
Percentile par nombre de réponses
Votre historique - résultats
Vous n’avez pas pris ce quiz